LEADER 01704nam0 22004093i 450 001 MIL0807219 005 20251003044237.0 010 $a9788821735752 100 $a20110727d2011 ||||0itac50 ba 101 | $aita$cita 102 $ait 181 1$6z01$ai $bxxxe 182 1$6z01$an 183 1$6z01$anc$2RDAcarrier 200 1 $aˆLa ‰terza riforma del Lavoro Pubblico$ecommentario al D.Lgs 27 ottobre 2009, n. 150, aggiornato al "Collegato lavoro"$fa cura di Franco Carinci, Sandro Mainardi 210 $aMilanofiori-Assago$cIPSOA$d2011 215 $aLXXIX, 879 p.$d24 cm. 225 | $aLeggi e lavoro$v19 410 0$1001BVE0181819$12001 $aLeggi e lavoro$v19 500 11$aˆLa ‰terza riforma del Lavoro Pubblico.$3MSE0094521$9759038 606 $aImpiego pubblico$xItalia$xRiforma$x2009$2FIR$3NAPC258443$9I 676 $a342.068$9DIRITTO AMMINISTRATIVO. FUNZIONARI E DIPENDENTI$v21 676 $a342.45068$9FUNZIONARI E IMPIEGATI PUBBLICI. ITALIA$v22 696 $aRapporto di pubblico impiego$aPubblico impiego$aRiforma protestante 699 $aImpiego pubblico$yRapporto di pubblico impiego 699 $aImpiego pubblico$yPubblico impiego 699 $aRiforma$yRiforma protestante 702 1$aMainardi$b, Sandro$3BVEV091041 702 1$aCarinci$b, Franco$3CFIV004288 801 3$aIT$bIT-000000$c20110727 850 $aIT-BN0095 901 $bNAP 01$cD $n$ 912 $aMIL0807219 950 0$aBiblioteca Centralizzata di Ateneo$d 01D (S) 000 397$e 01S 0009003975 VMA 1 v.$fY $h20120906$i20120906 977 $a 01 996 $aTerza Riforma del Lavoro Pubblico$9759038 997 $aUNISANNIO